000 00264as aa2200097a 44500
090 _aSERIADAS
_b00958
245 1 0 _aSHILA: Revista de Lepidopterologia
260 _bSocidad Hispano Luso Americana de Lepidopterología
_aEspaña
041 0 _aEspañol
942 _cREVISTA
999 _c17123
_d17123